Statistics for Cryptic Metal Bands

Click here to take the quiz!

General Stats

  • This quiz has been taken 16 times
  • The average score is 4 of 15

Answer Stats

HintAnswer% Correct
Backstab blah entertains pioneers (5, 7)Black Sabbath
83%
Concealed love gesture (4)Kiss
58%
Rob's traitor cleric (5, 6)Judas Priest
42%
A Greek god and trillion Thrash Texans (7)Pantera
42%
Complex vision act (5, 7)Dream Theater
33%
English previous one made from metal? Flamboyant! (5, 7)Steel Panther
33%
Swedish tool time (10)Hammerfall
25%
Not a bass? Missing Swede upset Swedes (7)Sabaton
17%
Finns shake stackable bin (5, 2, 5)Beast in Black
8%
Dutchies coming late, we hear (6)Delain
8%
North American tree ends extremely (6, 5)Napalm Death
8%
Tech death flower (4)Nile
8%
Finnish Italian cold piece (6, 7)Sonata Arctica
8%
500 tits rise west, form band (7, 6)Twisted Sister
8%
Voices no vacant building (3, 5)Van Canto
8%

Score Distribution

Percentile by Number Answered

Percent of People with Each Score

Your Score History

You have not taken this quiz